| 000 | 01035cam a2200193 4500 | ||
|---|---|---|---|
| 001 | WB3930-06 | ||
| 008 | 030804n2003 000 0 eng u | ||
| 035 | _a(Sirsi) u123180 | ||
| 245 | _aLatest industrial floorspace figures | ||
| 260 | _c2003 | ||
| 490 |
_aKing Sturge Press Release _v1 August 2003 (1) |
||
| 520 | _aKing Sturge's latest "UK industrial and distribution floorspace today" report shows that available industrial floorspace increased by 6.7% to 19.203m sq m at April 2003. Total available floorspace increased by 13.8% in the 12 months to April 2003. The West Midlands was the only region to record a fall in total available floorspace. Report available from www.kingsturge.com/site/docs/research/researchindex.cfm?UID=8662448996263920030804031243. www.kingsturge.com/site/docs/pressoffice/newsdisplay.cfm?NID=%24%299W%2AJ%40%20%20%0A | ||
| 590 | _aWB | ||
| 650 | _aINDUSTRIAL FLOORSPACE | ||
| 650 | _aINDUSTRIAL MARKET | ||
| 650 | _aDISTRIBUTION MARKET | ||
| 690 | _aPROPERTY-COMMERCIAL PROPERTY | ||
| 942 | _n0 | ||
| 999 |
_c73154 _d73154 |
||